000 00428nam a2200169Ia 4500
001 73744
008 160804s9999||||xx |||||||||||||| ||und||
020 _aNA
040 _cPK-LaUMT
082 _a 891.4393
_bSHA-Z
100 _aShakeel Ahmad Chohan
245 _aZindgi kay bad . . . Maut se pehlay (Urdu)/
_cShakeel Ahmad Chohan
260 _aLahore:
_bDarulmasahaf,
_c2016
300 _a143 p.
546 _aUR
942 _cBK
999 _c86888
_d86888